LEADER 01078cam0 22002891 450 001 SOBE00079399 005 20240315113116.0 100 $a20240307d1929 |||||ita|0103 ba 101 $acat 102 $aES 200 1 $aDoctrina compendiosa$fFrancesc Eiximenis$gtext i anotació pel P. Martí de Barcelona 210 $aBarcelona$cBarcino$d1929 215 $a157 p.$d17 cm 225 2 $anostres clàssics$hCollecció A$v24 410 1$1001SOBE00079344$12001 $aEls *nostres clàssics. Collecció A$v24 500 10$aDoctrina compendiosa$3SOBA00030454$91264202 700 1$aEiximenis$b, Francesc$3A600200044107$4070$0599635 702 1$aBarcelona, Martí : de$3SOBA00030453$4070 801 0$aIT$bUNISOB$c20240315$gRICA 850 $aUNISOB 852 $aUNISOB$j849|Coll|2|K$m181207 912 $aSOBE00079399 940 $aM 102 Monografia moderna SBN 941 $aM 957 $a849|Coll|2|K$b000024$gSI$d181207$n20240301$rdono$tN$1Spinosa$2UNISOB$3UNISOB$420240307111049.0$520240307111125.0$6Spinosa 996 $aDoctrina compendiosa$91264202 997 $aUNISOB LEADER 02207nas 2200673- 450 001 9910167559003321 005 20250515111859.0 011 $a2044-1290 035 $a(DE-599)ZDB2625773-7 035 $a(OCoLC)792986571 035 $a(CKB)2550000000015546 035 $a(CONSER)--2016207361 035 $a(EXLCZ)992550000000015546 100 $a20100712a20109999 --- a 101 0 $aeng 135 $aurcnu|||||||| 181 $ctxt$2rdacontent 182 $cc$2rdamedia 183 $acr$2rdacarrier 200 00$aAdvances in mental health and intellectual disabilities 210 1$aHove, East Sussex :$cPier Professional,$d2010- 210 3$aBingley, UK :$cEmerald Group Publishing 311 08$a2044-1282 606 $aLearning disabled$xMental health services$zGreat Britain$vPeriodicals 606 $aLearning disabilities 606 $aMental health 606 $aLearning Disabilities 606 $aMental Health 606 $aPersonnes en difficulté d'apprentissage$xServices de santé mentale$zGrande-Bretagne$vPériodiques 606 $aTroubles de l'apprentissage 606 $aSanté mentale 606 $amental health$2aat 606 $aMental health$2fast 606 $aLearning disabilities$2fast 606 $aTrastorns de l'aprenentatge$2thub 606 $aSalut mental$2thub 607 $aGreat Britain$2fast 608 $aPeriodical 608 $aPeriodicals. 608 $aPeriodicals$2fast 608 $aRevistes electròniques$2thub 615 0$aLearning disabled$xMental health services 615 0$aLearning disabilities. 615 0$aMental health. 615 2$aLearning Disabilities. 615 2$aMental Health 615 6$aPersonnes en difficulté d'apprentissage$xServices de santé mentale 615 6$aTroubles de l'apprentissage. 615 6$aSanté mentale. 615 7$amental health. 615 7$aMental health 615 7$aLearning disabilities 615 7$aTrastorns de l'aprenentatge 615 7$aSalut mental 676 $a362.30941 906 $aJOURNAL 912 $a9910167559003321 996 $aAdvances in mental health and intellectual disabilities$92250714 997 $aUNINA